000
00273nam a2200109Ia 4500
001
1276013
005
20260417160439.0
008
260417s9999 xx 000 0 und d
020
_a
9786256309234
245
0
_a
Beş Farklı Ayı
_c
Catherine Rayner
260
_b
Ketebe Çocuk
999
_c
1276013
_d
1276013